Využitie magnetických snímačov pre meranie uhla natočenia

Saved in:
Bibliographic Details
Main Author: Fabok, Matej (Author)
Other Authors: Ďuriš, Rastislav (Thesis advisor)
Format: Manuscript Book
Language:Slovak
Published: 2025
Subjects:
Online Access:http://is.stuba.sk/zp/portal_zp.pl?podrobnosti=176799
Tags: Add Tag
No Tags, Be the first to tag this record!

MARC

LEADER 00000ntm a22000003a 4500
001 stuzp103835
003 SK-STU
005 20250628210929.2
007 ta
008 150427s2015----xo-----f-mn---000-0-slo-d
040 |a STU  |b slo 
041 0 |a slo 
100 1 |a Fabok, Matej  |u 066000  |4 aut  |U MTF Materiálovotechnologická fakulta  |T MTF Ústav aplikovanej informatiky, automatizácie a mechatroniky  |X 121878  |U M6000  |Y 86  |7 121878 
242 0 1 |a The use of magnetic sensors for measuring rotational angles  |y eng 
245 1 0 |a Využitie magnetických snímačov pre meranie uhla natočenia 
260 |c 2025 
650 4 |a arduino  |2 slo 
650 4 |a magnetický snímač uhla natočenia  |2 slo 
650 4 |a optický snímač uhla natočenia  |2 slo 
650 4 |a krokový motor  |2 slo 
650 4 |a arduino  |2 eng 
650 4 |a magnetic angle sensor  |2 eng 
650 4 |a optical angle sensor  |2 eng 
650 4 |a stepper motor  |2 eng 
700 1 |a Ďuriš, Rastislav  |u 066000  |k Z1  |4 ths  |U MTF Materiálovotechnologická fakulta  |T MTF Ústav aplikovanej informatiky, automatizácie a mechatroniky  |X 4163  |U M6000  |Y 86  |7 A000004163 
856 4 |u http://is.stuba.sk/zp/portal_zp.pl?podrobnosti=176799 
996 |c M* BP-9907  |l MMSKP  |s P  |a 0  |w stuzp103835_0001